| 000 | 00599 a2200181 4500 | ||
|---|---|---|---|
| 001 | 068346 | ||
| 003 | OSt | ||
| 005 | 20220216142641.0 | ||
| 008 | |||
| 082 |
_a518.25 _bE25M |
||
| 100 | 1 | _aEfendiev, Yalchin | |
| 245 | 1 |
_aMultiscale finite element methods _cby Yalchin Efendiev and Thomas Y. Hou |
|
| 260 |
_aNew York _bSpringer _c2009 |
||
| 300 | _a234p. | ||
| 653 | _aFinite element method; Mathematical geography; Mathematics; Mechanics, Applied; Numerical analysis; Functional analysis; Hydraulic engineering | ||
| 700 | _aHou, Thomas Y. | ||
| 942 |
_2ddc _cBK |
||
| 999 |
_c2029 _d2029 |
||